000 00534nam a2200205Ia 4500
003 GCL
008 140319s9999 xx 000 0 eng d
040 _aGCL /
_cGCL
082 0 4 _a759
_bB M
100 1 _aBOLTON, LINDA
245 1 0 _aTHE HISTORY AND TECHNIQUES OF THE GREAT MASTERS, MANET /
_cBOLTON, LINDA
260 _a[S.N] :
_bTIGER BOOKS INTERNATIONAL ،
_c1993
300 _a64 P
650 0 4 _aARTS
650 0 4 _aHISTORY AND CRITICISM
650 0 4 _aPAINTING
650 0 4 _aPAINTERS
650 0 4 _aMANET
942 _2ddc
_cBK
999 _c18767
_d18767